| 000 | 00583nam a2200241Ia 4500 | ||
|---|---|---|---|
| 003 | OSt | ||
| 005 | 20250313153707.0 | ||
| 008 | 210210b1918 xxu||||| |||| 00| 0 eng d | ||
| 040 | _cAL | ||
| 041 | _aeng | ||
| 082 | _a825/782 | ||
| 100 |
_aSCOTT _9206148 |
||
| 245 | _aEssays on goldsmith | ||
| 260 |
_aOxford _bAt the Clarendon Press _c1918 |
||
| 650 |
_aThackeray _9206149 |
||
| 650 |
_aScott _9206150 |
||
| 650 |
_aMacaulay _9206151 |
||
| 650 |
_aand _9206152 |
||
| 690 |
_aEnglish Criticism _9206153 |
||
| 700 |
_aMACAULAY _9206154 |
||
| 906 | _a015097 | ||
| 942 |
_2ddc _cBK |
||
| 999 |
_c134415 _d134415 |
||